000 00923nam a2200241Ia 4500
003 OSt
005 20220923220927.0
006 a|||||r|||| 00| 0
007 ta
008 220922b |||||||| |||| 00| 0 hin d
024 _a192,317
037 _cTextual
040 _aARTS
_cARTS
_bhin
041 _2hin
_ahin
082 _aT:3(P152)0gQ6.273, 152M5
100 _aनामेश्वर सिंह
245 0 _aहिन्दी शिक्षा और साहित्य के क्षेत्र में ईसाइ मिशनरियों का योग
246 _aHindī shikṣhā aur sāhitya ke kṣhetra mean īsāi mishanariyoan kā yoga
260 _aरांची
_b पुस्तकलोक
_c1985
300 _a286पृ.
_ccm.
942 _hT:3(P152)0gQ6.273, 152M5
_cTEXL
_2CC
999 _c344937
_d344937